| 000 | 01194 a2200193 4500 | ||
|---|---|---|---|
| 003 | Nust | ||
| 005 | 20230713084304.0 | ||
| 020 | _a0070105332 | ||
| 040 | _cNust | ||
| 082 | _a540,WAT | ||
| 100 |
_aWatkns , Kenneth _9113595 |
||
| 245 |
_aChemistry: _bStudy Guide to Accompany / _cKenneth W Watkins |
||
| 250 | _a4th ed | ||
| 260 |
_aN Y, _bMc Graw Hill, _c1991. |
||
| 300 | _aviii,460.p | ||
| 505 | _aTools of Chemistry (Page-1), Atoms Molecules and Ions (Page-21), Chemical Reactions 1: Chemical Equations and Reactions in Aqueous Solution (Page-43), Chemical Reactions II Mass Relationships (Page-60), The Gaseous State (Page-79), Thermochemistry (Page-99), Periodic Relationship among the Elements (Page-135), Chemical Bonding II: Molecular Geometry and Molecular Orbitals (Page-174), Physical Properties of Solutions (Page-216), Chemical Kinetics (Page-231), Chemical Equilibrium (Page-255), Acid Base Equilibria (Page-291), Solubility Equilibria (Page-314), Entropy Free Energy and Equilibrium (Page-331), Electrochemistry (Page-343), Nuclear Chemistry (Page-415), Organic Chemistry (Page-431), Industrial Chemistry (Page-456). | ||
| 650 | _aChemistry | ||
| 942 |
_2ddc _cBK _k540,WAT |
||
| 999 |
_c183337 _d183337 |
||